<?xml version="1.0" encoding="UTF-8"?>
<marc:record xmlns:marc="http://www.loc.gov/MARC21/slim">
   <marc:leader>00000nam a2200000 a 4500</marc:leader>
   <marc:datafield ind1="1" ind2=" " tag="100">
      <marc:subfield code="a">Coriano, Walter Cosima</marc:subfield>
      <marc:subfield code="4">aut</marc:subfield>
      <marc:subfield code="e">Verfasser/-in</marc:subfield>
   </marc:datafield>
   <marc:datafield ind1=" " ind2=" " tag="653">
      <marc:subfield code="a">Tourismus / Bericht</marc:subfield>
   </marc:datafield>
   <marc:datafield ind1=" " ind2=" " tag="653">
      <marc:subfield code="a">Kellner / Bericht</marc:subfield>
   </marc:datafield>
   <marc:datafield ind1=" " ind2=" " tag="653">
      <marc:subfield code="a">Italien / Bericht</marc:subfield>
   </marc:datafield>
   <marc:datafield ind1="0" ind2="0" tag="245">
      <marc:subfield code="a">Dottore, Pasta &amp; Amore</marc:subfield>
   </marc:datafield>
   <marc:datafield ind1="0" ind2="0" tag="245">
      <marc:subfield code="c">Coriano, Walter Cosima</marc:subfield>
   </marc:datafield>
   <marc:datafield ind1=" " ind2="1" tag="264">
      <marc:subfield code="c">2014</marc:subfield>
   </marc:datafield>
   <marc:datafield ind1="1" ind2=" " tag="520">
      <marc:subfield code="a">Buon appetito!&#xD;
Walter Cosimo Coriano ist Kellner. Süditalienischer Kellner.&#xD;
Und im fliegenden Rollenwechsel ist er als Psychologe, Diplomat, Liebhaber, Schauspieler und Dompteur für seine hungrigen Gäste im Einsatz. Denn in seinem Restaurant feiert das Leben an jedem Tag neue Premieren: Drama und Intrige, Lust und Leidenschaft.&#xD;
Hier hat er seine Erlebnisse aufgeschrieben. Alltagsgeschichten, so vergnüglich wie lustig und nachdenklich stimmend, aus unserem liebsten Soziobiotop und nahesten Ersatz-Urlaubsziel dem Ristorante!&#xD;
Da gibt es beispielsweise den Patrone, den viele gerne als Franco oder Luigi kennen, und in dessen Haus natürlich das leckerste Essen der ganzen Welt zelebriert wird. Die Servicekollegen, ein eingeschworenes Team, das nicht nur das Trinkgeld teilt, sondern auch die amourösen Abenteuer, denen sich ein italienischer&#xD;
Kellner kaum entziehen kann. Die Köche, eine ganz eigene Spezies in diesem Universum, die im Ruf stehen, mit der Nähe zum heißen Herd auch einen großen Teil ihres Hirns verbrannt zu haben. Und dann die Gäste: Die Banker, Rechtsanwälte und Manager, so kurz wie prägnant allesamt Dottore genannt; die Promis von A bis C, für die Tisch 1 (Sehen und gesehen werden) immer reserviert ist; die Stammgäste, Frischlinge und Restaurant-Messis eben die komplette Typologie der Gäste, wie sie wahrscheinlich nur in einem italienischen Restaurant zu finden ist. Natürlich gehören auch die so falsche wie nervende Kennerschaft bekundenden Zwei-Expressi-Sager dazu, denen unser Kellner zwecks kulinarischer Weiterbildung hier sehr gerne einige Einblicke in die süditalienische Küche seiner Großmutter gestattet.</marc:subfield>
   </marc:datafield>
   <marc:datafield ind1=" " ind2=" " tag="020">
      <marc:subfield code="a">9783864890598</marc:subfield>
      <marc:subfield code="9">9783864890598</marc:subfield>
   </marc:datafield>
   <marc:datafield ind1=" " ind2=" " tag="020">
      <marc:subfield code="a">3864890594</marc:subfield>
      <marc:subfield code="9">3864890594</marc:subfield>
   </marc:datafield>
   <marc:datafield ind1=" " ind2=" " tag="041">
      <marc:subfield code="a">ger</marc:subfield>
   </marc:datafield>
   <marc:datafield ind1=" " ind2=" " tag="338">
      <marc:subfield code="a">Band</marc:subfield>
   </marc:datafield>
   <marc:datafield ind1=" " ind2=" " tag="300">
      <marc:subfield code="a">219 S</marc:subfield>
   </marc:datafield>
</marc:record>
